| 000 | 00838nam a2200253Ia 4500 | ||
|---|---|---|---|
| 003 | GCL | ||
| 008 | 140319s9999 xx 000 0 ara d | ||
| 040 |
_aGCL / _cGCL |
||
| 082 | 0 | 4 |
_a383.9142 _bج ت |
| 100 | 1 | _aخالد بن محمد القاسمى | |
| 245 | 1 | 0 |
_aالتكتلات الاقتصادية فى العالم / _cخالد بن محمد القاسمى |
| 260 |
_a[S.N] : _bدار الحداثة ، _c1988 |
||
| 300 | _a70 ص | ||
| 490 | _a | ||
| 650 | 0 | 4 | _aالاقتصاد |
| 650 | 0 | 4 | _aالتخطيط |
| 650 | 0 | 4 | _aالاجتماع |
| 650 | 0 | 4 | _aالسوق الاوربية المشتركة |
| 650 | 0 | 4 | _aالتكتلات الاقتصادية |
| 650 | 0 | 4 | _aالسوق العربية المشتركة |
| 650 | 0 | 4 | _aالتكامل |
| 650 | 0 | 4 | _aالسوق الافريقية المشتركة |
| 942 |
_2ddc _cBK |
||
| 999 |
_c28208 _d28208 |
||